[Event "Navarra-chT"]
[Site "Navarra"]
[Date "2016.10.15"]
[Round "2.1"]
[White "Labairu Senosiain, Jose Rufino"]
[Black "Burguete Archel, Eduardo"]
[Result "1/2-1/2"]
[WhiteElo "1966"]
[BlackElo "2205"]
[PlyCount "134"]
[EventDate "2016.10.08"]
[EventType "team-tourn"]
[EventRounds "7"]
[EventCountry "ESP"]
[SourceTitle "CBM 175 Extra"]
[Source "ChessBase"]
[SourceDate "2016.12.12"]
[SourceVersion "1"]
[SourceVersionDate "2016.12.12"]
[SourceQuality "1"]
[WhiteTeam "Arrano Elkartea"]
[BlackTeam "Paz de Ziganda"]
[WhiteTeamCountry "ESP"]
[BlackTeamCountry "ESP"]

1. e4 e5 2. f4 exf4 3. Nf3 g5 4. h4 g4 5. Ne5 Qe7 6. Nxg4 Qxe4+ 7. Qe2 d5 8. Nf2 Qe6 9. Nc3 c6 10. d3 Bd6 11. Nh3 f3 12. gxf3 Bg3+ 13. Nf2 Ne7 14. Bh3 Qxe2+ 15. Kxe2 Bxh3 16. Rxh3 Nf5 17. Ng4 Bxh4 18. Bf4 h5 19. Be5 hxg4 20. fxg4 f6 21. gxf5 fxe5 22. Rah1 Rf8 23. Rxh4 Nd7 24. Rh5 0-0-0 25. Nd1 Rf7 26. Rf1 Rdf8 27. Ne3 Kc7 28. Rg5 b5 29. Ng4 Rh8 30. f6 Kd6 31. Rg7 Rhf8 32. Rg5 Re8 33. Rg7 Ref8 34. b3 Ke6 35. Rg5 Rh8 36. Rg7 Rxg7 37. fxg7 Rg8 38. Rf2 Rxg7 39. Ne3 Rg6 40. Kd2 a5 41. Kc1 Nf6 42. Nf1 Rg4 43. Ne3 Rf4 44. Rh2 d4 45. Nd1 Ng4 46. Rg2 Kf5 47. Kd2 Rf1 48. Re2 Kf4 49. c3 Ne3 50. Rf2+ Rxf2+ 51. Nxf2 Nf1+ 52. Kc2 Ng3 53. Kd2 dxc3+ 54. Kxc3 e4 55. Nh3+ Ke3 56. dxe4 Nxe4+ 57. Kc2 Kf3 58. Kd3 b4 59. Ng1+ Kf4 60. Ne2+ Ke5 61. Kc4 Kd6 62. Nd4 Nc3 63. a3 Nb5 64. Nf5+ Ke5 65. axb4 axb4 66. Ne7 Nd4 67. Kxb4 Nxb3 1/2-1/2